Ozveny času II : spomienky zo života našej školy 2000-2010 /
Uložené v:
| Ďalší autori: | , |
|---|---|
| Médium: | Kniha |
| Jazyk: | Slovak Hungarian |
| Vydané: |
Sarvaš :
Slovenská základná škola v Sarvaši,
[2011].
|
| Vydanie: | [1. vyd.] |
| Témy: | |
| ISBN: |
(brož.) |
| Fyzický popis: |
237 s. : faksim., fotogr., noty, portréty ; 21 cm. |
| Tagy: |
Pridať tag
Žiadne tagy, Buďte prvý kto otaguje tento záznam!
|
Titul je dostupný aj v ... 

MARC
| LEADER | 00000nam a22000004a 4500 | ||
|---|---|---|---|
| 001 | 000412413 | ||
| 005 | 20230810090459.0 | ||
| 008 | 121206s2011 hu cghoe 000 0 slo d | ||
| 020 | |a (brož.) | ||
| 040 | |a SVKKK |b slo |c SVKKK |e AACR2 | ||
| 041 | 0 | |a slo |a hun | |
| 043 | |a e-hu--- | ||
| 044 | |a hu |c HU | ||
| 072 | 7 | |a 37 |x Výchova a vzdelávanie |2 konspekt | |
| 080 | |a (=162.4) |2 2001 | ||
| 080 | |a 371:342.71 |2 2001 | ||
| 080 | |a 373.24 |2 2001 | ||
| 080 | |a 373.3 |2 2001 | ||
| 080 | |a (439) |2 2001 | ||
| 080 | |a (082.2) |2 2011 | ||
| 245 | 0 | 0 | |a Ozveny času II : |b spomienky zo života našej školy 2000-2010 / |c [felelős szerkesztö: Kondacs Anna, Tomasovskiné Dányi Csilla]. |
| 246 | 3 | 1 | |a Az idő visszhangja II. : |b emlékek az inténzmény életéből |
| 250 | |a [1. vyd.] | ||
| 260 | |a Sarvaš : |b Slovenská základná škola v Sarvaši, |c [2011]. | ||
| 300 | |a 237 s. : |b faksim., fotogr., noty, portréty ; |c 21 cm. | ||
| 500 | |a Obalový názov | ||
| 500 | |a Údaj o edit. prevzatý z rubu titul. strany | ||
| 546 | |a Súbežný názov a text aj maď. | ||
| 610 | 1 | 7 | |a Slovenská základná škola, materská škola a žiacky domov (Sarvaš, Maďarsko) |2 SVKKKKA |
| 648 | 7 | |a 2000-2010 |2 SVKKKPH | |
| 650 | 0 | 7 | |a základné školy |2 SVKKKPH |
| 650 | 0 | 7 | |a internáty |2 SVKKKPH |
| 650 | 0 | 7 | |a materské školy |2 SVKKKPH |
| 650 | 0 | 7 | |a národnostné školstvo |2 SVKKKPH |
| 651 | 7 | |a Sarvaš (Maďarsko) |2 SVKKKPH | |
| 655 | 7 | |a jubilejné publikácie |2 SVKKKPH | |
| 700 | 1 | |a Kondacs, Anna |4 edt | |
| 700 | 1 | |a Tomasovskiné, Dányi Csilla |4 edt | |
| 910 | |a svkkk | ||
| 998 | |a BK | ||
| 090 | |g SCKHL |k Sklad Hlavná 10 prízemie |a III.225041 |j 1042270 |i 2720265733 |s Absenčne | ||